ਪੰਜਾਬੀ ਗਇਕੀ ਦੇ ਸੱਤ ਸਮੁੰਦਰ / (Record no. 37675)

MARC details
000 -LEADER
fixed length control field 01937nam a22003017a 4500
005 - DATE AND TIME OF LATEST TRANSACTION
control field 20090511103413.0
008 - FIXED-LENGTH DATA ELEMENTS--GENERAL INFORMATION
fixed length control field 090511t xxu||||| |||| 00| 0 pun d
010 ## - LCCN (DPL NO)
LC control number B-396003-6007
020 ## - INTERNATIONAL STANDARD BOOK NUMBER
Terms of availability 150.00
International Standard Book Number 8171427804
020 ## - INTERNATIONAL STANDARD BOOK NUMBER
Terms of availability 150.00
International Standard Book Number 9788171427802
035 ## - SYSTEM CONTROL NUMBER
System control number B-396003-6007
037 ## - SOURCE OF ACQUISITION
Source of stock number/acquisition ਨੇਸ਼ਨਲ ਬੁਕ ਸ਼ਾਪ
040 ## - CATALOGING SOURCE
Original cataloging agency dpl
Language of cataloging pn
082 ## - DEWEY DECIMAL CLASSIFICATION NUMBER
Classification number 920
100 ## - MAIN ENTRY--PERSONAL NAME
Personal name ਅਲੀ ਰਾਜਪੁਰਾ
9 (RLIN) 619
245 ## - TITLE STATEMENT
Title ਪੰਜਾਬੀ ਗਇਕੀ ਦੇ ਸੱਤ ਸਮੁੰਦਰ /
Statement of responsibility, etc ਅਲੀ ਰਾਜਪੁਰਾ
246 ## - VARYING FORM OF TITLE
Title proper/short title Punjabi gayaki de satt samunder
Remainder of title by Ali Rajpura
260 ## - PUBLICATION, DISTRIBUTION, ETC. (IMPRINT)
Place of publication, distribution, etc ਚੰਡੀਗਡ਼
Name of publisher, distributor, etc ਲੋਕ ਗੀਤ ਪ੍ਰਕਾਸਨ
Date of publication, distribution, etc 2009
270 ## - ADDRESS
Address S.C.O-26-27, Sector-34,
City Chandigarh
Postal code 160022
Telephone number 0172-5077427, 5077428
300 ## - PHYSICAL DESCRIPTION
Extent 167ਪੰ.
Dimensions 22 ਸੇਮੀ (ਸਜਿ਼ਲਦ)
942 ## - ADDED ENTRY ELEMENTS (KOHA)
Source of classification or shelving scheme Dewey Decimal Classification
Item type Punjabi Bks
Classification part 920
Call number suffix ਅਲੀਰਾ
Holdings
Withdrawn status Lost status Source of classification or shelving scheme Damaged status Not for loan Collection code Home library Current library Date acquired Source of acquisition Cost, normal purchase price Total Checkouts Full call number Barcode Date last seen Copy number Koha item type Cost, replacement price
    Dewey Decimal Classification     Non-fiction Central Library Central Library 26/07/2010 BPPD/PUB/13:13/23.3.10/253/30.3.10 150.00   920 ਅਲੀਰਾ B-396003 26/07/2010 1 Punjabi Bks  
    Dewey Decimal Classification     Non-fiction Mobile Library Mobile Library 16/08/2010 BPPD/PUB/13;13/23.3.10/253/30.3.10 150.00   920 ਅਲੀਰਾ B-396004 16/08/2010 1 Punjabi Bks 150.00
    Dewey Decimal Classification     Non-fiction Mobile Library Mobile Library 16/08/2010 BPPD/PUB/13;13/23.3.10/253/30.3.10 150.00   920 ਅਲੀਰਾ B-396005 16/08/2010 1 Punjabi Bks 150.00
    Dewey Decimal Classification     Non-fiction Sarojini Nagar Sarojini Nagar 16/08/2010 BPPD/PUB/13;13/23.3.10/253/30.3.10 150.00   920 ਅਲੀਰਾ B-396006 16/08/2010 1 Punjabi Bks 150.00
    Dewey Decimal Classification     Non-fiction Yojana Vihar Yojana Vihar 16/08/2010 BPPD/PUB/13;13/23.3.10/253/30.3.10 150.00   920 ਅਲੀਰਾ B-396007 16/08/2010 1 Punjabi Bks 150.00

© Delhi Public Library
Hit Counter
free hit counter